MARC details
| 000 -LEADER |
| campo de control de longitud fija |
01563nam a22004457a 4500 |
| 003 - IDENTIFICADOR DE NÚMERO DE CONTROL |
| campo de control |
OSt |
| 005 - FECHA Y HORA DE LA ÚLTIMA TRANSACCIÓN |
| campo de control |
20230413162745.0 |
| 008 - DATOS DE LONGITUD FIJA--INFORMACIÓN GENERAL |
| campo de control de longitud fija |
221006b |||||||| |||| 00| 0 eng d |
| 040 ## - FUENTE DE CATALOGACIÓN |
| Centro/agencia transcriptor |
Biblioteca Lado V |
| 082 ## - NÚMERO DE LA CLASIFICACIÓN DECIMAL DEWEY |
| Número de clasificación |
700 |
| Número de ítem |
A849a |
| 110 ## - ENTRADA PRINCIPAL--NOMBRE DE ENTIDAD CORPORATIVA |
| 9 (RLIN) |
800 |
| Nombre de entidad corporativa o nombre de jurisdicción como elemento de entrada |
Association Atheme |
| Término indicativo de función/relación |
director |
| 245 ## - MENCIÓN DEL TÍTULO |
| Título |
Artheme/ |
| Resto del título |
Art contemporain caraibe/ |
| 260 ## - PUBLICACIÓN, DISTRIBUCIÓN, ETC. |
| Nombre del editor, distribuidor, etc. |
Conseil general de la Guadeloupe |
| Fecha de publicación, distribución, etc. |
1999 |
| Lugar de publicación, distribución, etc. |
Francia |
| 300 ## - DESCRIPCIÓN FÍSICA |
| Dimensiones |
21x30cm |
| Extensión |
41p. |
| 366 ## - INFORMACIÓN SOBRE DISPONIBILIDAD COMERCIAL |
| Nota |
spa |
| 366 ## - INFORMACIÓN SOBRE DISPONIBILIDAD COMERCIAL |
| Nota |
fre |
| 366 ## - INFORMACIÓN SOBRE DISPONIBILIDAD COMERCIAL |
| Nota |
eng |
| 490 ## - MENCIÓN DE SERIE |
| Designación de volumen o secuencia |
1999 |
| Mención de serie |
03 |
| Número Internacional Normalizado para Publicaciones Seriadas |
1292 3745 |
| 505 ## - NOTA DE CONTENIDO CON FORMATO |
| Título |
Editorial |
| 505 ## - NOTA DE CONTENIDO CON FORMATO |
| Título |
Martinique |
| Nota de contenido con formato |
Le Marin<br/><br/>OMC du Marin<br/><br/>Habdaphai<br/><br/>OMC du Marin <br/><br/>Josiane Antourel<br/><br/>IV Biennale Orientale dy Marin |
| 505 ## - NOTA DE CONTENIDO CON FORMATO |
| Título |
Best-Seller |
| 505 ## - NOTA DE CONTENIDO CON FORMATO |
| Título |
Actualites caribeennes |
| 505 ## - NOTA DE CONTENIDO CON FORMATO |
| Título |
Martinique [suite] |
| 505 ## - NOTA DE CONTENIDO CON FORMATO |
| Título |
Artheme |
| 505 ## - NOTA DE CONTENIDO CON FORMATO |
| Título |
Actualites caribeennes [suite] |
| 505 ## - NOTA DE CONTENIDO CON FORMATO |
| Título |
Musees des Ameriques |
| 505 ## - NOTA DE CONTENIDO CON FORMATO |
| Título |
Ateliers d'artistes |
| 505 ## - NOTA DE CONTENIDO CON FORMATO |
| Título |
Retrsopectives |
| 505 ## - NOTA DE CONTENIDO CON FORMATO |
| Título |
Perspectives |
| 650 ## - PUNTO DE ACCESO ADICIONAL DE MATERIA--TÉRMINO DE MATERIA |
| Fuente del encabezamiento o término |
Tesauro de Arte & Arquitectura |
| Término de materia o nombre geográfico como elemento de entrada |
ARTE |
| 9 (RLIN) |
703 |
| 650 ## - PUNTO DE ACCESO ADICIONAL DE MATERIA--TÉRMINO DE MATERIA |
| Fuente del encabezamiento o término |
Tesauro de Arte & Arquitectura |
| Término de materia o nombre geográfico como elemento de entrada |
EXPOSICIONES |
| 650 ## - PUNTO DE ACCESO ADICIONAL DE MATERIA--TÉRMINO DE MATERIA |
| Fuente del encabezamiento o término |
Tesauro de Arte & Arquitectura |
| Término de materia o nombre geográfico como elemento de entrada |
BIENAL |
| 650 ## - PUNTO DE ACCESO ADICIONAL DE MATERIA--TÉRMINO DE MATERIA |
| Fuente del encabezamiento o término |
Tesauro de Arte & Arquitectura |
| Término de materia o nombre geográfico como elemento de entrada |
APRECIACION |
| 650 ## - PUNTO DE ACCESO ADICIONAL DE MATERIA--TÉRMINO DE MATERIA |
| Fuente del encabezamiento o término |
Tesauro de Arte & Arquitectura |
| Término de materia o nombre geográfico como elemento de entrada |
TEORIA |
| 650 ## - PUNTO DE ACCESO ADICIONAL DE MATERIA--TÉRMINO DE MATERIA |
| Fuente del encabezamiento o término |
Tesauro de Arte & Arquitectura |
| Término de materia o nombre geográfico como elemento de entrada |
CRITICA |
| 650 ## - PUNTO DE ACCESO ADICIONAL DE MATERIA--TÉRMINO DE MATERIA |
| Fuente del encabezamiento o término |
Tesauro de Arte & Arquitectura |
| Término de materia o nombre geográfico como elemento de entrada |
FOTOGRAFIA |
| 9 (RLIN) |
702 |
| 650 ## - PUNTO DE ACCESO ADICIONAL DE MATERIA--TÉRMINO DE MATERIA |
| Fuente del encabezamiento o término |
Tesauro de Arte & Arquitectura |
| Término de materia o nombre geográfico como elemento de entrada |
LITERATURA |
| 650 ## - PUNTO DE ACCESO ADICIONAL DE MATERIA--TÉRMINO DE MATERIA |
| Fuente del encabezamiento o término |
Tesauro de Arte & Arquitectura |
| Término de materia o nombre geográfico como elemento de entrada |
CUBANO |
| 942 ## - ELEMENTOS DE ENTRADA SECUNDARIOS (KOHA) |
| Fuente del sistema de clasificación o colocación |
Clasificación Decimal Dewey |
| Tipo de ítem Koha |
Libros |
| Parte de la signatura que corresponde a la clasificación (Parte de la clasificación) |
700 |
| Parte de la signatura que identifica el ejemplar (Parte del ítem) |
A849a |
| Suprimir en OPAC |
No |